|
|
|
|
| LEADER |
01422nam a2200373Ia 4500 |
| 001 |
EBC1081637 |
| 003 |
MiAaPQ |
| 005 |
20200520144314.0 |
| 006 |
m o d | |
| 007 |
cr cn||||||||| |
| 008 |
121009s2012 ne ab s 000 0 eng d |
| 010 |
|
|
|z 2012951191
|
| 020 |
|
|
|z 9789004245235 (pbk. : alk. paper)
|
| 020 |
|
|
|a 9789004245440 (electronic bk.)
|
| 035 |
|
|
|a (MiAaPQ)EBC1081637
|
| 035 |
|
|
|a (Au-PeEL)EBL1081637
|
| 035 |
|
|
|a (CaPaEBR)ebr10631821
|
| 035 |
|
|
|a (CaONFJC)MIL416768
|
| 035 |
|
|
|a (OCoLC)820814105
|
| 040 |
|
|
|a MiAaPQ
|c MiAaPQ
|d MiAaPQ
|
| 050 |
|
4 |
|a HC800.Z9
|b T4 2012
|
| 245 |
0 |
0 |
|a Transforming innovations in Africa
|h [electronic resource] :
|b explorative studies on appropriation in African societies /
|c edited by Jan-Bart Gewald, Andre Leliveld, Iva Pesa.
|
| 260 |
|
|
|a Leiden ;
|a Boston, MA :
|b Brill,
|c 2012.
|
| 300 |
|
|
|a ix, 301 p. :
|b ill., maps.
|
| 490 |
0 |
|
|a African dynamics ;
|v 11
|
| 533 |
|
|
|a Electronic reproduction. Ann Arbor, MI : ProQuest, 2015. Available via World Wide Web. Access may be limited to ProQuest affiliated libraries.
|
| 650 |
|
0 |
|a Technological innovations
|z Africa.
|
| 650 |
|
0 |
|a Inventions
|z Africa.
|
| 655 |
|
4 |
|a Electronic books.
|
| 700 |
1 |
|
|a Gewald, Jan-Bart.
|
| 700 |
1 |
|
|a Leliveld, Andre.
|
| 700 |
1 |
|
|a Pesa, Iva.
|
| 710 |
2 |
|
|a ProQuest (Firm)
|
| 856 |
4 |
0 |
|u https://ebookcentral.proquest.com/lib/matrademy/detail.action?docID=1081637
|z Click to View
|